Дело о временном устройстве земель Алтайского округа в районе Сибирской железной дороги

Доступно только в Электронных читальных залах Найти на картеНа карте
RUSMARC
00003505nmc2a22002413x 450
001fbbb053b-c521-4304-b9f7-49f8ef06d496
00520241116034831.0
100##$a20240614l18941894k l0rusy0189 ca
1010#$arus
102##$aRU
105##$ay###
1222#$ad
2001#$aДело о временном устройстве земель Алтайского округа в районе Сибирской железной дороги
$j21 февраля 1894 г.
215##$a60 л.
$d36,5х26 см
251##$cДело
300##$aДело
371##$aДокумент не является опубликованным и широко распространяемым
461#0$1001RusGRCC00079248
$12001
$aКанцелярия Министерства Императорского двора
$1251
$cФонд
$1852
$j472
462#0$1001a18e3843-e8f1-4a3f-b508-a7893198081f
$12001
$aКанцелярия Министерства Императорского двора
$1251
$cОпись
$1852
$j44
$l425-2195
801#0$aRU
$bРГИА
$c20240614
$gRCR
801#1$aRU
$bГлавНИВЦ
$c20240614
$2rusmarc
801#2$aRU
$bПБ им. Б.Н. Ельцина
$c20241116
$gRCR
$2rusmarc
850##$aРГИА
852##$aРГИА
$eФедеральное казенное учреждение "Российский государственный исторический архив" (РГИА)
$j151
937##$hРГИА
$d12415938
$aASBIBLIO_SCAN
035##$aRusGRCC00079156
856##$uhttp://readingroom.main.prlib.ru/item.aspx?id_node=n194839478&mode=full
Формат отображения